000 00719nam2a2200205 4500
001 RU\NLR\PER_A\010258249_000410
005 20250624010006.0
035 _a(NLR Aleph) 012284482
090 _a11235596
_c11235596
100 _a20200702d2020 |||y0rusy50 ca
101 0 _arus
102 _aRU
200 0 _a2020, № 1 (20)
210 _d2020
_aБ. м.
461 0 _1001RU\NLR\Per\989085
_12001#$aСоседи$eнародный журнал$fТОС "Кировский"$v2020, № 1 (20)
_910447699
_cВологда
_d2013 -
_fТОС "Кировский"
_n[б. и.]
_oнародный журнал
_tСоседи
_v2020, № 1 (20)
852 _aNLR
_jП23/3884
942 _cISSUE
980 _aNB
980 _aRUSPER